| 000 | 00552npc a2200217Ia 4500 | ||
|---|---|---|---|
| 001 | dg4-366 [d000000264] | ||
| 003 | IT-MiCISF | ||
| 005 | 20231023143959.0 | ||
| 008 | 161014s9999||||xx | und|| | ||
| 040 |
_aIT-MiCISF _cIT-MiCISF |
||
| 041 | _ait | ||
| 100 |
_aBinda Wilma, Colombo Fausto _960285 |
||
| 245 | 0 | _aMass media e famiglia | |
| 260 |
_aMilano, _c1982 |
||
| 300 | _app. 47 | ||
| 500 | _amassmedia, comunicazione, famiglia, televisione, | ||
| 650 | _amass-media | ||
| 654 | _asaggio | ||
| 942 |
_cDD _2ddc |
||
| 999 |
_c207495 _d207495 |
||
| 999 | _bsi | ||